[Event "RSA-ch U08 Girls"]
[Site "Bloemfontein"]
[Date "2016.03.22"]
[Round "4"]
[White "Reyneke, Talia"]
[Black "Oberholzer, Karla"]
[Result "1-0"]
[WhiteElo "528"]
[BlackElo "340"]
[PlyCount "37"]
[EventDate "2016.03.20"]
[EventType "swiss"]
[EventRounds "11"]
[EventCountry "RSA"]
[SourceTitle "CBM 171 Extra"]
[Source "ChessBase"]
[SourceDate "2016.04.26"]
[SourceVersion "1"]
[SourceVersionDate "2016.04.26"]
[SourceQuality "1"]

1. e4 e5 2. Nf3 Nc6 3. Nc3 Nf6 4. Bb5 a6 5. Bxc6 dxc6 6. Nxe5 Bb4 7. d3 Bxc3+ 8. bxc3 Bg4 9. Nf3 0-0 10. h3 Bxf3 11. Qxf3 Rc8 12. Bg5 Re8 13. Bxf6 Qxf6 14. Qxf6 gxf6 15. 0-0 Kh8 16. Rab1 Rb8 17. c4 Rg8 18. d4 Rgd8 19. d5 1-0